00908cam a22002771 4500001001300000003000400013005001700017008004100034010001700075035001900092040002600111042001200137050002200149082001300171110004100184245005600225260004800281300003200329490002500361490002500386651003300411650004100444810006300485810006500548999001700613sd 47000047 DLC20260227112735.0741023s1947 dcub f000 0 eng  asd 47000047  a(OCoLC)1050707 aDLCcOOxMdOCoLCdDLC apremarc00aD802.G3bU5 1947a a940.53431 aUnited States.bDepartment of State.10aOccupation of Germany, policy and progress 1945-46. aWashington,bU.S. Govt. Print. Off.c[1947] aviii, 241 p.bmaps.c24 cm.1 aIts Publication 27831 aEuropean series,v23 0aGermanyxHistoryy1945-1955. 0aReconstruction (1939-1951)zGermany.1 aUnited States.bDepartment of State.tPublication ;v2783.1 aUnited States.bDepartment of State.tEuropean series ;v23. c89976d89976